Alla målskyttar i Allsvenskan 2024 - Statistics

General Stats
  • This quiz has been taken 35 times
  • The average score is 45 of 198
Answer Stats
Hint Answer % Correct
Malmö FF15 mål Isaac Kiese Thelin
100%
IF Brommapojkarna17 mål Nikola Vasic
97%
IFK Norrköping11 mål Christoffer Nyman
80%
Djurgårdens IF14 mål Deniz Hummet
80%
Malmö FF12 mål Erik Botheim
80%
AIK14 mål Ioannis Pittas
77%
Hammarby IF10 mål Nahir Besara
67%
Hammarby IF3 mål Deniz Gul
60%
Malmö FF10 mål Hugo Bolin
57%
IK Sirius7 mål Joakim Persson
57%
Hammarby IF8 mål Jusef Erabi
57%
Hammarby IF/Västerås SK 8 mål Abdulrahman Boudah
50%
Mjällby AIF1 mål Alexander Johansson
50%
IFK Värnamo1 mål Carl Johansson
50%
Mjällby AIF5 mål Herman Johansson
50%
Djurgårdens IF2 mål Marcus Danielsson
50%
Malmö FF6 mål Sebastian Nanasi
50%
Västerås SK1 mål Simon Johansson
50%
Djurgårdens IF5 mål Tobias Gulliksen
50%
AIK1 mål Abdihakin Ali
47%
IFK Norrköping6 mål Arnor Traustason
47%
GAIS3 mål Gustav Lundgren
47%
Västerås SK1 mål Jabir Abdihakim Ali
47%
BK Häcken6 mål Simon Gustafsson
47%
Malmö FF1 mål Taha Ali
47%
Hammarby IF8 mål Bazoumana Touré
43%
Kalmar FF 12 mål Dino Islamovic
43%
Mjällby AIF8 mål Jacob Bergström
43%
IF Elfsborg 10 mål Michael Baidoo
43%
IFK Göteborg7 mål Paolos Abraham
43%
IK Sirius11 mål Yussef Salech
43%
BK Häcken6 mål Amor Layouni
40%
Malmö FF5 mål Anders Christiansen
40%
AIK1 mål John Guidetti
40%
IK Sirius9 mål Noel Milleskog
40%
IF Elfsborg3 mål Per Frick
40%
Mjällby AIF/Djurgårdens IF 3 mål Adam Ståhl
37%
GAIS10 mål Alexander Ahl Holmström
37%
AIK 3 mål Anton Salétros
37%
IF Elfsborg5 mål Arber Zeneli
37%
IF Elfsborg1 mål Besfort Zeneli
37%
Mjällby AIF 7 mål Elliot Stroud
37%
IFK Göteborg 2 mål Gustav Svensson
37%
IF Brommapojkarna4 mål Alex Timossi Andersson
33%
AIK4 mål Bersant Celina
33%
Malmö FF1 mål Gabriel Busanello
33%
IF Elfsborg1 mål Johan Larsson
33%
IFK Norrköping1 mål Kevin Höög Jansson
33%
IK Sirius7 mål Leo Walta
33%
Malmö FF1 mål Pontus Jansson
33%
AIK6 mål Rui Modesto
33%
Djurgårdens IF/BK Häcken 3 mål Samuel Leach Holm
33%
Hammarby IF4 mål Shaquille Pinas
33%
IFK Norrköping4 mål Tim Prica
33%
IFK Värnamo2 mål Victor Larsson
33%
GAIS8 mål Axel Henriksson
30%
IFK Göteborg4 mål Gustaf Norlin
30%
Malmö FF2 mål Lasse Berg Johnsen
30%
Djurgårdens IF3 mål Lucas Bergvall
30%
BK Häcken3 mål Mikkel Rygaard
30%
Djurgårdens IF/IF Brommapojkarna1 mål Theo Bergvall
30%
Djurgårdens IF6 mål Tokmac Nguen
30%
Västerås SK1 mål Ibrahim Diabate
27%
Djurgårdens IF1 mål Keita Kosugi
27%
Kalmar FF3 mål Lars Saetra
27%
Västerås SK/Djurgårdens IF3 mål Patric Åslund
27%
Malmö FF1 mål Sergio Pena
27%
IF Elfsborg 7 mål Simon Hedlund
27%
IFK Värnamo3 mål Simon Thern
27%
BK Häcken5 mål Srdjan Hrstic
27%
Halmstads BK/Västerås SK7 mål Viktor Granath
27%
Halmstads BK3 mål Villiam Granath
27%
IFK Värnamo7 mål Ajdin Zeljkovic
23%
BK Häcken10 mål Ali Youssef
23%
GAIS2 mål Amin Boudri
23%
GAIS2 mål Axel Norén
23%
IFK Norrköping1 mål David Moberg Karlsson
23%
AIK5 mål Dino Besirovic
23%
Kalmar FF 4 mål Jonathan Ring
23%
IFK Göteborg4 mål Laurs Skjellerup
23%
IK Sirius4 mål Melker Heier
23%
IF Elfsborg2 mål Sebastian Holmén
23%
Hammarby IF4 mål Tesfaldet Tekie
23%
Halmstads BK 4 mål Yannick Agnero
23%
Mjällby AIF2 mål Abdoulie Manneh
20%
IF Brommapojkarna3 mål Alexander Jensen
20%
Djurgårdens IF3 mål Besard Sabovic
20%
Malmö FF2 mål Derek Cornelius
20%
AIK 2 mål Eskil Edh
20%
IK Sirius1 mål Filip Olsson
20%
Kalmar FF5 mål Jacob Trenskow
20%
IFK Värnamo7 mål Johnbosco Samuel Kalu
20%
Kalmar FF2 mål Kevin Jensen
20%
Halmstads BK 1 mål Marcus Olsson
20%
Djurgårdens IF1 mål Miro Tenho
20%
IFK Göteborg2 mål Oscar Pettersson
20%
Malmö FF1 mål Otto Rosengren
20%
Kalmar FF6 mål Simon Skrabb
20%
Mjällby AIF 2 mål Tom Pettersson
20%
IFK Värnamo/Djurgårdens IF2 mål Viktor Bergh
20%
Mjällby AIF3 mål Viktor Gustafson
20%
IFK Värnamo1 mål Wenderson
20%
IF Elfsborg5 mål Ahmed Qasem
17%
Djurgårdens IF2 mål Gustav Wikheim
17%
IF Elfsborg5 mål Jalal Abdullai
17%
GAIS 2 mål Jonas Lindberg
17%
BK Häcken5 mål Julius Lindberg
17%
AIK1 mål Mads Thychosen
17%
IK Sirius3 mål Marcus Lindberg
17%
Mjällby AIF3 mål Nicklas Röjkjaer
17%
AIK1 mål Omar Faraj
17%
AIK2 mål Onni Valakari
17%
Djurgårdens IF2 mål Oskar Fallenius
17%
Mjällby AIF1 mål Rasmus Wikström
17%
IFK Göteborg2 mål Thomas Santos
17%
IF Elfsborg1 mål Timothy Ouma
17%
GAIS2 mål William Milovanovic
17%
BK Häcken6 mål Zeidane Inoussa
17%
IF Brommapojkarna3 mål Adam Jakobsen
13%
IFK Göteborg2 mål Arbnor Mucolli
13%
GAIS1 mål Edvin Becirovic
13%
BK Häcken 1 mål Even Hovland
13%
IFK Värnamo3 mål Gustav Engvall
13%
IFK Norrköping4 mål Isak Andri Sigurgeirsson
13%
IFK Norrköping1 mål Ismet Lushaku
13%
BK Häcken1 mål Lars Olden Larsen
13%
Hammarby IF4 mål Oscar Johansson Schellhas
13%
Västerås SK1 mål Simon Gefvert
13%
IF Elfsborg3 mål Terry Yegbe
13%
IK Sirius3 mål Adam Wikman
10%
Halmstads BK4 mål Birkir Ingason
10%
IFK Norrköping1 mål Carl Björk
10%
GAIS1 mål Chovanie Amatkarijo
10%
Hammarby IF1 mål Edvin Kurtulus
10%
BK Häcken1 mål Edward Chilufya
10%
GAIS1 mål Filip Beckman
10%
IK Sirius1 mål Henrik Castegren
10%
Mjällby AIF3 mål Imam Jagne
10%
Kalmar FF3 mål Melker Hallberg
10%
Halmstads BK5 mål Naeem Mohammed
10%
IFK Göteborg3 mål Ramon Pascal Lundqvist
10%
Halmstads BK1 mål Rasmus Widesheim-Paul
10%
Djurgårdens IF1 mål Santeri Haarala
10%
Malmö FF1 mål Stefano Vecchia
10%
Hammarby IF2 mål Victor Djukanovic
10%
IFK Norrköping 5 mål Vito Hammersöj-Mistrati
10%
IF Brommapojkarna3 mål Wilmer Odefalk
10%
Mjällby AIF2 mål Arvid Brorsson
7%
AIK3 mål Benjamin Tiedemann Hansen
7%
BK Häcken/ Halmstads BK1 mål Blair Turgott
7%
IF Brommapojkarna2 mål Frederik Christensen
7%
Västerås SK3 mål Henry Offia
7%
Västerås SK1 mål Herman Magnusson
7%
Västerås SK1 mål Isak Jönsson
7%
AIK2 mål Ismaila Coulibaly
7%
GAIS4 mål Jack Cooper Love
7%
IFK Göteborg3 mål Kolbeinn Thordarsson
7%
IFK Göteborg1 mål Linus Carlstrand
7%
IF Brommapojkarna4 mål Ludvig Fritzson
7%
Västerås SK3 mål Matteo Ahlinvi
7%
Malmö FF2 mål Nils Zetterström
7%
IFK Göteborg 1 mål Oscar Wendt
7%
IF Elfsborg2 mål Rami Kaib
7%
Kalmar FF1 mål Robert Gojani
7%
Malmö FF3 mål Sören Rieks
7%
Kalmar FF1 mål Abdussalam Magashy
3%
BK Häcken1 mål Amane Romeo
3%
IF Elfsborg2 mål Emil Holten
3%
Halmstads BK1 mål Gisli Eyjolfsson
3%
BK Häcken2 mål Jeremy Agbonifo
3%
Halmstads BK2 mål Jonathan Svedberg
3%
Halmstads BK1 mål Joseph Baffo
3%
IFK Värnamo1 mål Luke Le Roux
3%
IFK Göteborg1 mål Malick Yalcouye
3%
Hammarby IF1 mål Marc Llinares
3%
IF Elfsborg/Halmstads BK1 mål Noah Söderberg
3%
Halmstads BK2 mål Phil Ofosu-Ayeh
3%
IF Brommapojkarna1 mål Rasmus Örqvist
3%
Malmö FF1 mål Sebastian Jörgensen
3%
IFK Göteborg1 mål Sebastian Ohlsson
3%
IF Brommapojkarna1 mål Torbjörn Heggem
3%
IFK Norrköping1 mål Ture Sandberg
3%
BK Häcken3 mål Valgeir Lunddal Fridriksson
3%
Halmstads BK1 mål Amir Al Ammari
0%
IF Brommapojkarna1 mål Daleho Irandust
0%
IF Elfsborg1 mål Eggert Aron Gudmundsson
0%
IF Brommapojkarna1 mål Evans Botchway
0%
Halmstads BK2 mål Gabriel Wallentin
0%
IFK Värnamo1 mål Hampus Näsström
0%
Mjällby AIF2 mål Jacob Kiillerich Rask
0%
IF Brommapojkarna1 mål Kaare Barslund
0%
IFK Värnamo1 mål Michael Steinwender
0%
Halmstads BK1 mål Niilo Mäenpää
0%
Västerås SK1 mål Pedro Ribeiro
0%
IFK Värnamo1 mål Samuel Kotto
0%
Mjällby AIF1 mål Silas Nwankwo
0%
Mjällby AIF1 mål Timo Stavitski
0%
Kalmar FF1 mål Vince Osuji
0%
No matching quizzes found
Score Distribution
Percent of People with Each Score
Percentile by Number Answered
Your Score History
You have not taken this quiz